| 000 | 00944nam a2200229Ia 4500 | ||
|---|---|---|---|
| 001 | L235-7370 | ||
| 003 | IT-CnALBA | ||
| 008 | 170116s9999||||xx |||||||||||||| ||und|| | ||
| 040 |
_aIT-CnALBA _cIT-CnALBA |
||
| 041 | _aITALIANO | ||
| 100 | _aVIGANO' EGIDIO | ||
| 245 | 0 | _aMARIA AIUTO DEI CRISTIANI. | |
| 250 | _a1a ed. | ||
| 260 |
_aTORINO _bELLE DI CI - LEUMANN _c1964 [1° Ed.:1964 - Ed.Ling.Originale: 1964] |
||
| 300 | _a142 p. (prefazione: 57) | ||
| 500 | _aMADRE DI TUTTI. MADRE DI DIO. AUSILIATRICE DEI CRISTIANI. DEVOZIONE DI ATTUALITÀ. MARIA MODELLO. SPIRITUALITÀ APOSTOLICA. | ||
| 501 | _aSocietà San Paolo EM - Piazza San Paolo, 14 - 12051 ALBA (CN) (non commercial uses only) ® Copyright 2017 | ||
| 520 | _aMADRE DI TUTTI. MADRE DI DIO. AUSILIATRICE DEI CRISTIANI. DEVOZIONE DI ATTUALITÀ. MARIA MODELLO. SPIRITUALITÀ APOSTOLICA. | ||
| 650 | _aMARIA SS. ANGELI SANTI DEMONI | ||
| 942 | _cBK | ||
| 957 | _71 | ||
| 999 |
_a8346 _bNO _g Copie: 1 _c266552 _d266552 |
||